Keçeci-zâde İzzet Molla ve Mihnet-Keşân = (Record no. 66412)
| 000 -BAŞLIK | |
|---|---|
| Sabit Uzunluktaki Kontrol Alanı | 02086nam a22003857a 4500 |
| 001 - KONTROL NUMARASI | |
| Control Dosyası | 0066029 |
| 003 - KONTROL NUMARASI KİMLİĞİ | |
| Kontrol Alanı | KOHA_MİRAKIL |
| 005 - EN SON İŞLEM TARİHİ ve ZAMANI | |
| Kontrol Alanı | 20260207004625.0 |
| 007 - FİZİKSEL TANIM SABİT ALAN - GENEL BİLGİ | |
| Sabit uzunluklu kontrol alanı | ta |
| 008 - SABİT UZUNLUKTAKİ VERİ ÖGELERİ - GENEL BİLGİ | |
| Sabit Alan | 210312b2007 tu |||gr||||#0|||1|tur | |
| 040 ## - KATALOGLAMA KAYNAĞI | |
| Özgün Kataloglama Kurumu | TR-BiSEU |
| Kataloglama Dili | tur |
| Çeviri Kurumu | TR-BiSEU |
| Açıklama Kuralları | rda |
| 041 0# - DİL KODU | |
| Metin ya da ses kaydının dil kodu | tur |
| 044 ## - YAYINLAYAN/ÜRETEN KURULUŞUN ÜLKE KODU | |
| ISO country code | tu |
| 050 ## - SINIFLAMA ve YER NUMARASI | |
| Sınıflama Numarası | PL248.K33 |
| Yer Numarası | M53 2007 |
| 240 10 - TEK BİÇİM BAŞLIK | |
| Tekbiçim Başlık | <a href="Keçeci-zâde İzzet Molla and Minnet-Keşân">Keçeci-zâde İzzet Molla and Minnet-Keşân</a> |
| Language of a work | Türkçe |
| 245 0# - ESER ADI BİLDİRİMİ | |
| Başlık | Keçeci-zâde İzzet Molla ve Mihnet-Keşân = |
| Alt Eseradı vb. | Keçeci-zâde İzzet Molla and Minnet-Keşân/ |
| Sorumluluk Bildirimi | hazırlayan Ali Emre Özyıldırım. |
| 264 #1 - ÜRERİM, YAYIN, DAĞITIM ve TELİF BİLDİRİMİ | |
| Yayın yeri | [Cambridge, Mass.] : |
| Yayınlayan | Harvard Üniversitesi Yakındoğu Dilleri ve Medeniyetleri Bölümü |
| Yayın tarihi | 2007 |
| 300 ## - FİZİKSEL TANIMLAMA | |
| Sayfa, Cilt vb. | 2 cilt: tıpkıbasım ; |
| Boyutları | 28 cm. |
| 336 ## - İÇERİK TÜRÜ | |
| Content type term | metin |
| Content type code | txt |
| Source | rdacontent |
| 337 ## - MEDYA TÜRÜ | |
| Media type term | aracısız |
| Media type code | n |
| Source | rdamedia |
| 338 ## - TAŞIYICI TÜRÜ | |
| Carrier type term | cilt |
| Carrier type code | nc |
| Source | rdacarrier |
| 490 1# - DİZİ BİLDİRİMİ | |
| Dizi Bildirimi | Doğu dilleri ve edebiyatlarının kaynakları ; |
| Cilt Numarası | 81-82. |
| 490 1# - DİZİ BİLDİRİMİ | |
| Dizi Bildirimi | Türkçe kaynaklar ; |
| Cilt Numarası | 71-72 = |
| Dizi Bildirimi | Sources of Oriental languages and literatures ; |
| Cilt Numarası | 81-82. |
| 490 1# - DİZİ BİLDİRİMİ | |
| Dizi Bildirimi | Turkish sources ; |
| Cilt Numarası | 71-72 |
| 500 ## - GENEL NOT | |
| Genel Not | Kaynakça var. |
| 505 ## - İÇİNDEKİLER NOTU | |
| İçindekiler Notu | Pt.1. İzzet Molla'nın hayatı ve eserleri, metin tahlili, tıpkıbasım (Avusturya Milli Kütüphanesi 2838 ve Süleymaniye Esad Efendi 2898 = A study on İzzet Molla's life and works, textual analysis, facsimile of the Osterreichische Nationalbibliothek 2838 and Süleymaniye, Esad Efendi 2898 -- Pt.2. Esad Efendi'nin Takrizi, tenkitli metin ve açıklamalı indeks (kişi, yer ve eser adları) = Takriz of Esad Efendi, critical edition and index (names of persons, places and books). |
| 650 #0 - KONU BAŞLIĞI EK GİRİŞ - KONU TERİMİ | |
| Konusal terim veya coğrafi ad | Keçecizade İzzet Molla, 1785-1829. |
| 9 (RLIN) | 124402 |
| 650 #0 - KONU BAŞLIĞI EK GİRİŞ - KONU TERİMİ | |
| Konusal terim veya coğrafi ad | Keçecizade İzzet Molla, 1785-1829--Criticism and interpretation. |
| 9 (RLIN) | 124403 |
| 650 #0 - KONU BAŞLIĞI EK GİRİŞ - KONU TERİMİ | |
| Konusal terim veya coğrafi ad | Authors, Turkish--18th century--Biography. |
| 9 (RLIN) | 124404 |
| 830 1# - SERİ EK GİRİŞİ - TEKBİÇİM ESER ADI | |
| Tekbiçim Başlık | Doğu dilleri ve edebiyatlarının kaynakları ; |
| Volume number/sequential designation | 81-82. |
| 9 (RLIN) | 85097 |
| 830 1# - SERİ EK GİRİŞİ - TEKBİÇİM ESER ADI | |
| Tekbiçim Başlık | Türkçe kaynaklar ; |
| Volume number/sequential designation | 71-72 = |
| Tekbiçim Başlık | Sources of Oriental languages and literatures ; |
| Volume number/sequential designation | 81-82. |
| 9 (RLIN) | 124189 |
| 830 1# - SERİ EK GİRİŞİ - TEKBİÇİM ESER ADI | |
| Tekbiçim Başlık | Turkish sources ; |
| Volume number/sequential designation | 71-72 |
| 9 (RLIN) | 124190 |
| 907 ## - LOCAL DATA ELEMENT G, LDG (RLIN) | |
| a | Edebiyat |
| 942 ## - EK GİRİŞ ÖGELERİ (KOHA) | |
| Source of classification or shelving scheme | Library of Congress Classification |
| Koha item type | Book |
| Materyal Türü | Kalıcı Konum | Mevcut Konum | Raf Yeri | Sınıflandırma Kaynağı | Edinim Bilgisi | Ana Konular | Alt Konular | Yer Numarası | Cilt Bilgisi | Demirbaş Numarası | Fatura Tarihi | Geri Çekilme Durumu | Kayıp Durumu | Hasarlı Durumu | Kredi için değil | Kayıt Tarih | Toplam Ödünçverme | Son Görülme Tarihi | Son Kontrol Tarihi | Genel / Bağış Notu |
|---|---|---|---|---|---|---|---|---|---|---|---|---|---|---|---|---|---|---|---|---|
| Book | Prof. Dr. Azmi Özcan Kütüphanesi | Prof. Dr. Azmi Özcan Kütüphanesi | Birûni Salonu | Library of Congress Classification | Bağış | DİL VE EDEBİYAT | Doğu Asya, Afrika, Okyanusya Dilleri ve Edebiyatları | PL248.K33 M53 2007 | c.1 | 0066029 | 02/02/2026 | 12/03/2021 | 05/03/2025 | 05/03/2025 | Millet Kütüphanesi [Cumhurbaşkanlığı Külliyesi] | |||||
| Book | Prof. Dr. Azmi Özcan Kütüphanesi | Prof. Dr. Azmi Özcan Kütüphanesi | Birûni Salonu | Library of Congress Classification | Bağış | DİL VE EDEBİYAT | Doğu Asya, Afrika, Okyanusya Dilleri ve Edebiyatları | PL248.K33 M53 2007 | c.2 | 0066030 | 02/02/2026 | 12/03/2021 | 2 | 05/03/2025 | 05/03/2025 | Millet Kütüphanesi [Cumhurbaşkanlığı Külliyesi] |
